| 000 -LEADER |
| fixed length control field |
02023cam a2200385 i 4500 |
| 001 - CONTROL NUMBER |
| control field |
21597598 |
| 005 - DATE AND TIME OF LATEST TRANSACTION |
| control field |
20230518102510.0 |
| 008 - FIXED-LENGTH DATA ELEMENTS--GENERAL INFORMATION |
| fixed length control field |
200701s2021 caua 001 0 eng |
| 010 ## - LIBRARY OF CONGRESS CONTROL NUMBER |
| LC control number |
2020029866 |
| 020 ## - INTERNATIONAL STANDARD BOOK NUMBER |
| International Standard Book Number |
9781718500907 |
| Qualifying information |
(pbk.) |
| 020 ## - INTERNATIONAL STANDARD BOOK NUMBER |
| Canceled/invalid ISBN |
9781718500914 |
| Qualifying information |
(ebook) |
| 040 ## - CATALOGING SOURCE |
| Original cataloging agency |
DLC |
| Language of cataloging |
eng |
| Transcribing agency |
DLC |
| Description conventions |
rda |
| Modifying agency |
DLC |
| 042 ## - AUTHENTICATION CODE |
| Authentication code |
pcc |
| 050 00 - LIBRARY OF CONGRESS CALL NUMBER |
| Classification number |
TK5105.8857 |
| Item number |
.C533 2021 |
| 082 00 - DEWEY DECIMAL CLASSIFICATION NUMBER |
| Classification number |
005.87 |
| Edition number |
23 |
| Author Mark |
CHA |
| 100 1# - MAIN ENTRY--PERSONAL NAME |
| Personal name |
Chantzis, Fotios, |
| Relator term |
author. |
| 9 (RLIN) |
112428 |
| 245 10 - TITLE STATEMENT |
| Title |
Practical IoT hacking : |
| Remainder of title |
the definitive guide to attacking the internet of things / |
| Statement of responsibility, etc. |
by Fotios Chantzis, Ioannis Stais, Paulino Calderon, Evangelos Deirmentzoglou, and Beau Woods. |
| 264 #1 - PRODUCTION, PUBLICATION, DISTRIBUTION, MANUFACTURE, AND COPYRIGHT NOTICE |
| Place of production, publication, distribution, manufacture |
San Francisco : |
| Name of producer, publisher, distributor, manufacturer |
No Starch Press, Inc., |
| Date of production, publication, distribution, manufacture, or copyright notice |
[2021] |
| 300 ## - PHYSICAL DESCRIPTION |
| Extent |
xx, 434 pages : |
| Other physical details |
illustrations ; |
| Dimensions |
24 cm |
| 336 ## - CONTENT TYPE |
| Content type term |
text |
| Content type code |
txt |
| Source |
rdacontent |
| 337 ## - MEDIA TYPE |
| Media type term |
unmediated |
| Media type code |
n |
| Source |
rdamedia |
| 338 ## - CARRIER TYPE |
| Carrier type term |
volume |
| Carrier type code |
nc |
| Source |
rdacarrier |
| 500 ## - GENERAL NOTE |
| General note |
Includes index. |
| 520 ## - SUMMARY, ETC. |
| Summary, etc. |
"A guide to hacking internet of things (IoT) systems, such as medical devices, home assistants, and smart objects. Explores vulnerabilities and security flaws found in these devices and explains the protocols they use to communicate over networks. Includes practical exercises and hands-on examples"-- |
| Assigning source |
Provided by publisher. |
| 650 #0 - SUBJECT ADDED ENTRY--TOPICAL TERM |
| Topical term or geographic name entry element |
Internet of things |
| General subdivision |
Security measures. |
| 9 (RLIN) |
100469 |
| 650 #0 - SUBJECT ADDED ENTRY--TOPICAL TERM |
| Topical term or geographic name entry element |
Penetration testing (Computer security) |
| 9 (RLIN) |
94117 |
| 700 1# - ADDED ENTRY--PERSONAL NAME |
| Personal name |
Stais, Ioannis, |
| Relator term |
author. |
| 9 (RLIN) |
112429 |
| 700 1# - ADDED ENTRY--PERSONAL NAME |
| Personal name |
Calderon, Paulino, |
| Relator term |
author. |
| 9 (RLIN) |
112430 |
| 700 1# - ADDED ENTRY--PERSONAL NAME |
| Personal name |
Deirmentzoglou, Evangelos, |
| Relator term |
author. |
| 9 (RLIN) |
112431 |
| 700 1# - ADDED ENTRY--PERSONAL NAME |
| Personal name |
Woods, Beau, |
| Relator term |
author. |
| 9 (RLIN) |
112432 |
| 776 08 - ADDITIONAL PHYSICAL FORM ENTRY |
| Relationship information |
Online version: |
| Main entry heading |
Chantzis, Fotios, |
| Title |
Practical IoT hacking |
| Place, publisher, and date of publication |
San Francisco : No Starch Press, Inc., 2020. |
| International Standard Book Number |
9781718500914 |
| Record control number |
(DLC) 2020029867 |
| 906 ## - LOCAL DATA ELEMENT F, LDF (RLIN) |
| a |
7 |
| b |
cbc |
| c |
orignew |
| d |
1 |
| e |
ecip |
| f |
20 |
| g |
y-gencatlg |
| 942 ## - ADDED ENTRY ELEMENTS (KOHA) |
| Source of classification or shelving scheme |
|
| Koha item type |
Book |